HANAの曲名クイズ - Statistics

General Stats
  • This quiz has been taken 8 times
  • The average score is 9 of 11
Answer Stats
リリース日 曲名 % Correct
2025/7/14 Blue Jeans
100%
2025/6/9 Burning Flower
100%
2025/1/31 Drop
100%
2025/4/2 ROSE
100%
2026/2/23 ALL IN
83%
2025/9/8 BAD LOVE
83%
2025/4/2 Tiger
83%
2025/10/13 My Body
67%
2025/12/5 NON STOP
67%
2026/1/24 Cold Night
50%
2026/3/27 Bad Girl
33%
No matching quizzes found
Score Distribution
Percent of People with Each Score
Percentile by Number Answered
Your Score History
You have not taken this quiz